000 00836nam a2200265Ia 4500
003 OSt
005 20220927110333.0
006 a|||||r|||| 00| 0
007 ta
008 220926b |||||||| |||| 00| 0 eng d
024 _a120401
037 _cReference Collections
040 _aRTL
_cRTL
_beng
041 _2eng
_aeng
082 _a"U11p6,N66, K7.2/UN"
110 _a"United Nations, Economics Commission for Africa"
_9376192
245 0 _aSecond United Nations regional cartographic conference for Africa.
260 _aNew
_bYork United Nations USA
_c1967
300 _a305p.
_ccm.
490 _vV 2
650 _aGeography
700 _a"United Nations, Economics Commission for Africa"
_9376193
942 _h"U11p6,N66, K7.2/UN"
_cCC
999 _c695563
_d695563